Vonkajšia nerovnováha a ekonomický rast inauguračná prednáška

Salvato in:
Dettagli Bibliografici
Autore principale: Workie Tiruneh, Menbere
Ente Autore: Ekonomická univerzita v Bratislave
Natura: Libro
Lingua:slovacco
Pubblicazione: Bratislava 2013
Edizione:1. vyd.
Serie:Habilitačné a inauguračné prednášky
Soggetti:
Tags: Aggiungi Tag
Nessun Tag, puoi essere il primo ad aggiungerne!!

MARC

LEADER 00000nam$a2200000$$$4500
001 0182675
005 20230117094342.8
020 |a 978-80-225-3785-8 
041 0 |a slo 
044 |a SK 
245 1 0 |a Vonkajšia nerovnováha a ekonomický rast  |b inauguračná prednáška  |c Menbere Workie Tiruneh 
250 |a 1. vyd. 
264 1 |a Bratislava  |c 2013 
300 |a 98 s. 
490 1 |a Habilitačné a inauguračné prednášky 
830 0 |a Habilitačné a inauguračné prednášky 
610 2 0 |a nerovnováha hospodárska 
610 2 0 |a rast hospodársky 
610 2 0 |a cykly hospodárske 
610 2 0 |a teórie ekonomické 
100 1 |a Workie Tiruneh, Menbere 
710 2 |a Ekonomická univerzita v Bratislave